Vybrané demografické a sociodemografické ukazatele vývoje zemí EU
Rozbor úrovne demografických a sociálnodemografických ukazovateľov v krajinách EÚ a ich porovnanie so situáciou v Česku. Demografické ukazovatele - prirodzený prírastok obyvateľstva, počet zomrelých, priemerná dĺžka života, kojenecká úmrtnosť, vekové zloženie obyvateľstva. Sociálnodemografické ukazo...
Salvato in:
| Autore principale: | |
|---|---|
| Natura: | Capitolo di libro |
| Lingua: | ceco |
| Soggetti: | |
| Tags: |
Nessun Tag, puoi essere il primo ad aggiungerne!!
|
MARC
| LEADER | 00000naa$a2200000$$$4500 | ||
|---|---|---|---|
| 001 | 0019307 | ||
| 005 | 20221128124338.4 | ||
| 041 | 0 | |a cze | |
| 044 | |a SK | ||
| 245 | 1 | 0 | |a Vybrané demografické a sociodemografické ukazatele vývoje zemí EU |c Jana Kubanová |
| 520 | |a Rozbor úrovne demografických a sociálnodemografických ukazovateľov v krajinách EÚ a ich porovnanie so situáciou v Česku. Demografické ukazovatele - prirodzený prírastok obyvateľstva, počet zomrelých, priemerná dĺžka života, kojenecká úmrtnosť, vekové zloženie obyvateľstva. Sociálnodemografické ukazovatele - veľkosť rodiny, počet uzavretých sobášov, podiel nemanželských detí, úroveň vzdelania, pracovná doba, percento bohatých a chudobných, úroveň bývania, vlastníctvo automobilov, počet obetí dopravných nehôd. | ||
| 610 | 2 | 0 | |a demografia |
| 610 | 2 | 0 | |a demografia sociálna |
| 610 | 2 | 0 | |a ukazovatele |
| 610 | 2 | 0 | |a Česko |
| 610 | 2 | 0 | |a Európska únia |
| 100 | 1 | |a Kubanová, Jana | |